000
00258nam a2200097 a 4500
005
20200930065706.0
008
110719s1973 000 spa d
245
3
_a
El sistema de planificación en la República Dominicana.
260
_c
1973.
999
_c
32024
_d
32024
040
_a
DO-SdBNP